[Event "EU-chT Seniors 15th"]
[Site "Dresden"]
[Date "2013.07.20"]
[Round "1"]
[White "Walther, Diethelm"]
[Black "Tseitlin, Mark D"]
[Result "0-1"]
[WhiteElo "2159"]
[BlackElo "2388"]
[PlyCount "68"]
[EventDate "2013.07.20"]
[EventType "team-swiss"]
[EventRounds "9"]
[EventCountry "GER"]
[SourceTitle "CBM 155 Extra"]
[Source "ChessBase"]
[SourceDate "2013.08.26"]
[SourceVersion "1"]
[SourceVersionDate "2013.08.26"]
[SourceQuality "1"]
[WhiteTeam "Rheno Palatinat"]
[BlackTeam "Israel"]
[WhiteTeamCountry "GER"]
[BlackTeamCountry "ISR"]

1. d4 Nf6 2. Bg5 c5 3. d5 Ne4 4. Be3 e5 5. f3 Nf6 6. Nc3 d6 7. Qd2 Be7 8. Bf2 e4 9. fxe4 Ng4 10. Nf3 Nxf2 11. Kxf2 f6 12. e3 0-0 13. Be2 Qe8 14. Rhf1 Bd8 15. Kg1 Ba5 16. Bd3 Nd7 17. a3 a6 18. Rab1 b5 19. b4 Bb6 20. a4 cxb4 21. Ne2 Nc5 22. axb5 Nxe4 23. Qxb4 Bxe3+ 24. Kh1 Nf2+ 25. Rxf2 Bxf2 26. Qxd6 axb5 27. Bxb5 Qg6 28. Bd3 Bf5 29. Nf4 Bxd3 30. Nxg6 Bxg6 31. h4 Rad8 32. Qc6 Bg3 33. c4 Bxb1 34. Ne5 Rde8 0-1

[Event "EU-ch Seniors 13th"]
[Site "Plovdiv"]
[Date "2013.03.16"]
[Round "6"]
[White "Ermenkov, Evgenij"]
[Black "Tseitlin, Mark D"]
[Result "0-1"]
[WhiteElo "2423"]
[BlackElo "2380"]
[PlyCount "126"]
[EventDate "2013.03.11"]
[EventType "swiss"]
[EventRounds "9"]
[EventCountry "BUL"]
[SourceTitle "CBM 153 Extra"]
[Source "ChessBase"]
[SourceDate "2013.04.22"]
[SourceVersion "1"]
[SourceVersionDate "2013.04.22"]
[SourceQuality "1"]

1. e4 c5 2. Nf3 d6 3. d4 cxd4 4. Nxd4 Nf6 5. Nc3 a6 6. a4 g6 7. Be2 Bg7 8. 0-0 0-0 9. Be3 Nc6 10. f4 Bd7 11. Nb3 Rc8 12. Bf3 Qc7 13. a5 Nb4 14. Rf2 Bc6 15. Bb6 Qb8 16. Nd5 Nbxd5 17. exd5 Bb5 18. Bd4 Qc7 19. Nc1 e6 20. dxe6 fxe6 21. Nb3 e5 22. fxe5 dxe5 23. Bb6 Qe7 24. Nd2 e4 25. Nxe4 Nxe4 26. Qd5+ Kh8 27. Qxe4 Qxe4 28. Bxe4 Bxb2 29. Rxf8+ Rxf8 30. Rb1 Rf7 31. Bxb7 Rxb7 32. Rxb2 Kg8 33. Kf2 Kf7 34. Ke3 Ke6 35. Rb4 Bc6 36. g3 Rf7 37. c4 h5 38. Rb2 Rd7 39. Kf4 Kf6 40. h4 Rd1 41. Rf2 Rd3 42. Be3 Ra3 43. Rd2 Ke6 44. c5 Bd5 45. Rb2 g5+ 46. Kxg5 Rxe3 47. Rb6+ Ke5 48. Rxa6 Rxg3+ 49. Kxh5 Rg8 50. Kh6 Rh8+ 51. Kg5 Be6 52. Rb6 Rg8+ 53. Kh6 Kf6 54. Rb7 Rh8+ 55. Rh7 Rc8 56. Rb7 Rh8+ 57. Rh7 Ra8 58. Rg7 Bf5 59. Rh7 Bxh7 60. Kxh7 Rxa5 61. c6 Rh5+ 62. Kg8 Rxh4 63. c7 Rc4 0-1

[Event "EU-ch Seniors 13th"]
[Site "Plovdiv"]
[Date "2013.03.15"]
[Round "5"]
[White "Tseitlin, Mark D"]
[Black "Sveshnikov, Evgeny"]
[Result "1/2-1/2"]
[WhiteElo "2380"]
[BlackElo "2534"]
[PlyCount "24"]
[EventDate "2013.03.11"]
[EventType "swiss"]
[EventRounds "9"]
[EventCountry "BUL"]
[SourceTitle "CBM 153 Extra"]
[Source "ChessBase"]
[SourceDate "2013.04.22"]
[SourceVersion "1"]
[SourceVersionDate "2013.04.22"]
[SourceQuality "1"]

1. e4 c5 2. Nf3 Nc6 3. Bb5 e6 4. 0-0 Nge7 5. Re1 Nd4 6. Nxd4 cxd4 7. c3 a6 8. Bf1 Nc6 9. d3 Bc5 10. Nd2 0-0 11. Nb3 d6 12. Nxc5 dxc5 1/2-1/2

[Event "EU-ch Seniors 13th"]
[Site "Plovdiv"]
[Date "2013.03.12"]
[Round "2"]
[White "Harestad, Thor Geir"]
[Black "Tseitlin, Mark D"]
[Result "0-1"]
[WhiteElo "2207"]
[BlackElo "2380"]
[PlyCount "106"]
[EventDate "2013.03.11"]
[EventType "swiss"]
[EventRounds "9"]
[EventCountry "BUL"]
[SourceTitle "CBM 153 Extra"]
[Source "ChessBase"]
[SourceDate "2013.04.22"]
[SourceVersion "1"]
[SourceVersionDate "2013.04.22"]
[SourceQuality "1"]

1. d4 Nf6 2. c4 g6 3. Nc3 d5 4. cxd5 Nxd5 5. e4 Nxc3 6. bxc3 Bg7 7. Be3 c5 8. Bc4 Nc6 9. Ne2 0-0 10. 0-0 Bg4 11. f3 Bd7 12. Qd2 Qa5 13. Rfd1 Rac8 14. Kf2 cxd4 15. cxd4 Qxd2 16. Rxd2 Na5 17. Bd3 Nc4 18. Bxc4 Rxc4 19. Rc1 Rxc1 20. Nxc1 f5 21. exf5 gxf5 22. Nd3 Bb5 23. Nf4 Rc8 24. Ne6 Bf6 25. d5 Bc3 26. Rd1 Be5 27. Rd2 a5 28. Bd4 Bd6 29. f4 Bb4 30. Rd1 Rc2+ 31. Kg3 Be2 32. Rb1 Bc4 33. a3 Ba2 34. Rb2 Be1+ 35. Kh3 Rxb2 36. Bxb2 Bxd5 37. Nd4 e6 38. g4 Kf7 39. a4 Bc6 40. Nxc6 bxc6 41. g5 c5 42. Kg2 c4 43. Kf1 Bb4 44. Ke2 Kg6 45. Bc1 Kh5 46. Kf3 Kh4 47. Kg2 Bc3 48. Be3 e5 49. fxe5 Bxe5 50. Kf3 c3 51. Ke2 f4 52. Bb6 f3+ 53. Kd3 Kh3 0-1

[Event "ISR-chT 13"]
[Site "Israel"]
[Date "2013.01.18"]
[Round "7.4"]
[White "Birnboim, Nathan"]
[Black "Tseitlin, Mark D"]
[Result "0-1"]
[WhiteElo "2398"]
[BlackElo "2380"]
[PlyCount "130"]
[EventDate "2012.12.21"]
[EventType "team"]
[EventRounds "11"]
[EventCountry "ISR"]
[SourceTitle "EXT 2014"]
[Source "ChessBase"]
[SourceDate "2013.11.20"]
[SourceVersion "1"]
[SourceVersionDate "2013.11.20"]
[SourceQuality "1"]

1. e4 c5 2. Nf3 d6 3. Bb5+ Nd7 4. c4 a6 5. Ba4 e5 6. b4 Ngf6 7. bxc5 dxc5 8. Nxe5 b5 9. Nxd7 Qxd7 10. e5 Ng4 11. 0-0 Be7 12. cxb5 axb5 13. e6 fxe6 14. Qxg4 Rxa4 15. Qxg7 Qd4 16. Qxd4 cxd4 17. d3 Bb7 18. Nd2 Kd7 19. Nb3 Rg8 20. g3 Bd6 21. Bb2 e5 22. Rfc1 Rga8 23. a3 b4 24. Rab1 bxa3 25. Ba1 a2 26. Nc5+ Bxc5 27. Rxb7+ Kc6 28. Rb2 Ra3 29. Rbc2 R8a5 30. f4 Rxd3 31. fxe5 Kd5 32. Kg2 Re3 33. Rd2 d3 34. Rcd1 Ke4 35. Kf1 Bb4 36. Rf2 d2 37. Rf4+ Kd3 38. Rxb4 Kc2 39. Kf2 Kxd1 40. Kxe3 Ke1 41. Rd4 Rxe5+ 42. Kf3 Rb5 43. Re4+ Kf1 44. Rd4 Rb3+ 45. Kf4 Ke2 46. Re4+ Kd3 47. Rd4+ Kc2 48. Rc4+ Kb1 49. Rd4 Kxa1 50. Rxd2 Kb1 51. Kg5 a1Q 52. Rd1+ Kb2 53. Rxa1 Kxa1 54. Kh6 Rb7 55. h4 Kb2 56. g4 Kc3 57. g5 Kd4 58. h5 Ke5 59. g6 hxg6 60. Kxg6 Rb6+ 61. Kg5 Rb1 62. Kg6 Rg1+ 63. Kf7 Rh1 64. Kg6 Ke6 65. h6 Rg1+ 0-1

[Event "Chigorin Memorial 20th"]
[Site "St Petersburg"]
[Date "2012.10.31"]
[Round "5"]
[White "Aminov, Andrey"]
[Black "Tseitlin, Mark D"]
[Result "1/2-1/2"]
[WhiteElo "2147"]
[BlackElo "2390"]
[PlyCount "77"]
[EventDate "2012.10.27"]
[EventType "swiss"]
[EventRounds "9"]
[EventCountry "RUS"]
[SourceTitle "EXT 2013"]
[Source "ChessBase"]
[SourceDate "2012.11.22"]
[SourceVersion "1"]
[SourceVersionDate "2012.11.22"]
[SourceQuality "1"]

1. e4 c5 2. Nf3 d6 3. Bb5+ Nd7 4. d4 Ngf6 5. 0-0 cxd4 6. Qxd4 e5 7. Qd3 a6 8. Bxd7+ Bxd7 9. Bg5 h6 10. Bxf6 Qxf6 11. Nc3 Bc6 12. Nd5 Qd8 13. Rad1 Bxd5 14. Qxd5 Qc7 15. Rd3 Qc6 16. Qxc6+ bxc6 17. c4 Be7 18. Rfd1 0-0 19. c5 dxc5 20. Nxe5 Rfe8 21. Nxc6 Bf6 22. e5 Bxe5 23. Nxe5 Rxe5 24. Rd8+ Rxd8 25. Rxd8+ Kh7 26. Kf1 c4 27. Rd2 Ra5 28. a3 c3 29. bxc3 Rxa3 30. Rc2 Kg8 31. Ke2 Kf8 32. Kd3 Ke7 33. Rb2 a5 34. Rb7+ Ke6 35. Rb6+ Kd5 36. Rb7 Ke6 37. Rb6+ Kd5 38. Rb7 Ke6 39. Rb6+ 1/2-1/2

[Event "Chigorin Memorial 20th"]
[Site "St Petersburg"]
[Date "2012.10.29"]
[Round "3"]
[White "Timofeev, Artyom"]
[Black "Tseitlin, Mark D"]
[Result "1-0"]
[WhiteElo "2631"]
[BlackElo "2390"]
[PlyCount "68"]
[EventDate "2012.10.27"]
[EventType "swiss"]
[EventRounds "9"]
[EventCountry "RUS"]
[SourceTitle "EXT 2013"]
[Source "ChessBase"]
[SourceDate "2012.11.22"]
[SourceVersion "1"]
[SourceVersionDate "2012.11.22"]
[SourceQuality "1"]

1. d4 Nf6 2. c4 g6 3. Nc3 d5 4. cxd5 Nxd5 5. e4 Nxc3 6. bxc3 Bg7 7. Bc4 c5 8. Ne2 Nc6 9. Be3 0-0 10. 0-0 Bg4 11. f3 Bd7 12. Rb1 Qc7 13. Bf4 Qc8 14. d5 Na5 15. Bd3 e5 16. Be3 b6 17. f4 Nb7 18. Ba6 f6 19. Kh1 Rb8 20. Qd2 Qc7 21. Bxb7 Rxb7 22. fxe5 Qxe5 23. Bxc5 Rc8 24. Bd4 Qxe4 25. Nf4 Bh6 26. Rbe1 Qf5 27. Be3 Bb5 28. Rf3 Rd7 29. Nxg6 Qd3 30. Qf2 hxg6 31. Bxh6 Qxd5 32. Rxf6 Rf7 33. Rxg6+ Kh7 34. Rf6 Rcc7 1-0

[Event "Chigorin Memorial 20th"]
[Site "St Petersburg"]
[Date "2012.10.28"]
[Round "2"]
[White "Tseitlin, Mark D"]
[Black "Socko, Bartosz"]
[Result "1/2-1/2"]
[WhiteElo "2390"]
[BlackElo "2619"]
[PlyCount "128"]
[EventDate "2012.10.27"]
[EventType "swiss"]
[EventRounds "9"]
[EventCountry "RUS"]
[SourceTitle "EXT 2013"]
[Source "ChessBase"]
[SourceDate "2012.11.22"]
[SourceVersion "1"]
[SourceVersionDate "2012.11.22"]
[SourceQuality "1"]

1. e4 c5 2. Nf3 e6 3. Nc3 a6 4. d4 cxd4 5. Nxd4 Qc7 6. Be3 Nf6 7. Bd3 Nc6 8. Nxc6 dxc6 9. f4 e5 10. f5 b5 11. a4 Bb7 12. 0-0 Be7 13. Qe2 h5 14. h3 h4 15. Qf2 b4 16. Nb1 c5 17. Nd2 c4 18. Bb6 Qc6 19. Nxc4 Nxe4 20. Bxe4 Qxe4 21. Nxe5 Qxe5 22. Rae1 Be4 23. Qe3 Qd6 24. Bd4 0-0 25. Qxe4 Bf6 26. Bxf6 Qxf6 27. Qe5 Qxe5 28. Rxe5 Rfc8 29. Rf2 Rc4 30. b3 Rd4 31. f6 g6 32. Rfe2 Rf4 33. R2e4 Rxf6 34. Rxb4 Rc8 35. Re2 Rfc6 36. c4 Rd8 37. c5 Rxc5 38. Rxh4 Rd1+ 39. Kh2 Rcc1 40. Rf4 Rd7 41. Rb4 Rc5 42. Rb6 a5 43. Ra2 Rd4 44. Rb7 Rf5 45. Rb5 Rxb5 46. axb5 Rb4 47. Rxa5 Kg7 48. Kg3 Kf6 49. Ra6+ Kg5 50. Rb6 Rxb3+ 51. Kf2 Kf4 52. g3+ Ke4 53. Rf6 Rb2+ 54. Kg1 Rxb5 55. Rxf7 g5 56. Kg2 Rb2+ 57. Rf2 Rb5 58. h4 gxh4 59. gxh4 Rf5 60. Re2+ Kf4 61. Kh3 Rf6 62. Rf2+ Ke5 63. Rg2 Rf1 64. Rg6 Kf5 1/2-1/2